000 01062pam a2200289 a 4500
001 2205
005 20231110103217.0
020 _a1561451835
020 _a9781561452330
040 _aDLC
_cDLC
_dDLC
_beng
050 0 0 _aQL644.2
_b.S5 1999
082 0 0 _a597.9
_221
100 1 _aSill, Cathryn P.
_d1953-
245 1 0 _aAbout reptiles :
_ba guide for children /
_cCathryn Sill ; illustrated by John Sill.
250 _aFirst trade paparback edition published 2003
260 _aAtlanta :
_bPeachtree,
_c1999
300 _a33 unnumbered pages :
_billustrations
_c21x25 cm
505 _aH
520 _aDepicts how physical characteristics, habitat, movement, feeding and hunting behavior, and life cycle can vary in different kinds of reptiles, including the corn snake, eastern box turtle, and American alligator.
521 _a460
_bLexile
521 _aH
_bRaz-Plus
650 0 _aReptiles
_xJuvenile literature.
650 1 _aReptiles.
700 1 _aSill, John
_eillustrator
906 _a7
_bcbc
_corignew
_d1
_eocip
_f19
_gy-gencatlg
942 _2ddc
_cBK
_n0
999 _c2205
_d2205